[Event "Skopje op"]
[Site "Skopje"]
[Date "2019.12.07"]
[Round "3"]
[White "Ilieva, Ralitsa"]
[Black "Zivkovic, Momcilo"]
[Result "0-1"]
[WhiteElo "1600"]
[BlackElo "2054"]
[PlyCount "22"]
[EventDate "2019.12.06"]
[EventType "swiss"]
[EventRounds "9"]
[EventCountry "MKD"]
[SourceTitle "CBM 193 Extra"]
[Source "ChessBase"]
[SourceDate "2020.01.31"]
[SourceVersion "1"]
[SourceVersionDate "2020.01.31"]
[SourceQuality "1"]

1. d4 d5 2. c4 Nc6 3. cxd5 Qxd5 4. Nf3 e5 5. Nc3 Bb4 6. Bd2 Bxc3 7. Bxc3 e4 8. Ne5 e3 9. fxe3 Nf6 10. Rg1 Qe4 11. Qd3 Qh4+ 0-1

[Event "Sofia MGU op 182nd"]
[Site "Sofia"]
[Date "2017.02.25"]
[Round "2"]
[White "Ilieva, Ralitsa"]
[Black "Georgiev, Nikolay"]
[Result "1-0"]
[WhiteElo "1469"]
[BlackElo "1644"]
[PlyCount "133"]
[EventDate "2017.02.25"]
[EventType "swiss"]
[EventRounds "6"]
[EventCountry "BUL"]
[SourceTitle "CBM 177 Extra"]
[Source "ChessBase"]
[SourceDate "2017.04.27"]
[SourceVersion "1"]
[SourceVersionDate "2017.04.27"]
[SourceQuality "1"]

1. d4 d5 2. c4 c6 3. Bf4 Nf6 4. e3 Bf5 5. Nc3 e6 6. Nf3 Bd6 7. Bg5 Nbd7 8. cxd5 cxd5 9. Bd3 Bg4 10. 0-0 0-0 11. h3 Bh5 12. Rc1 a6 13. Re1 b5 14. e4 dxe4 15. Nxe4 Be7 16. Ng3 Bg6 17. Bxg6 hxg6 18. Ne5 Nb6 19. Nc6 Qd7 20. Nxe7+ Qxe7 21. Qf3 Nbd5 22. Ne4 Rfc8 23. Nxf6+ gxf6 24. Bh4 Qd8 25. a3 Kg7 26. Qd3 Rxc1 27. Rxc1 Rc8 28. Qd2 Rxc1+ 29. Qxc1 Qc7 30. Qd2 Qf4 31. Qxf4 Nxf4 32. Kf1 f5 33. Bg3 Nd5 34. Ke2 Kf8 35. Bd6+ Ke8 36. g4 fxg4 37. hxg4 Kd7 38. Bg3 f5 39. f3 Kc6 40. Kd3 Nb6 41. b3 Kd5 42. Bc7 Nd7 43. Bg3 fxg4 44. fxg4 Nf6 45. g5 Ne4 46. Bf4 Nf2+ 47. Kc3 Ng4 48. Kd3 e5 49. dxe5 Nxe5+ 50. Ke3 Nd7 51. Kd3 Nc5+ 52. Kc3 Ke4 53. Bd2 Ne6 54. Kb4 Nd4 55. Bc3 Nc6+ 56. Kc5 Ne7 57. Bf6 Nd5 58. Kc6 Ne3 59. Kb7 Nc2 60. Be7 Nd4 61. Kxa6 Nxb3 62. Kxb5 Nd4+ 63. Kb6 Kf5 64. a4 Ne6 65. a5 Nxg5 66. Bxg5 Kxg5 67. a6 1-0

[Event "Sofia MGU op 181st"]
[Site "Sofia"]
[Date "2017.02.12"]
[Round "4"]
[White "Sharkov, Venko"]
[Black "Ilieva, Ralitsa"]
[Result "1-0"]
[WhiteElo "1675"]
[BlackElo "1469"]
[PlyCount "71"]
[EventDate "2017.02.11"]
[EventType "swiss"]
[EventRounds "6"]
[EventCountry "BUL"]
[SourceTitle "CBM 176 Extra"]
[Source "ChessBase"]
[SourceDate "2017.03.02"]
[SourceVersion "1"]
[SourceVersionDate "2017.03.02"]
[SourceQuality "1"]

1. d4 Nf6 2. c4 c5 3. d5 b5 4. cxb5 a6 5. bxa6 Bxa6 6. Nc3 d6 7. e4 Bxf1 8. Kxf1 g6 9. Nf3 Bg7 10. g3 0-0 11. Kg2 Nbd7 12. Qe2 Qb6 13. Re1 Rfb8 14. Nd2 Qb4 15. a3 Qb6 16. Nc4 Qb3 17. a4 Nb6 18. Nxb6 Rxb6 19. Ra3 Qb4 20. e5 Nd7 21. e6 Ne5 22. f4 Nc4 23. exf7+ Kxf7 24. Na2 Qa5 25. Qe6+ Kf8 26. Rf3 Qxa4 27. f5 g5 28. Bxg5 Rxb2+ 29. Kh3 Be5 30. Bh6+ Ke8 31. f6 Bxf6 32. Rxf6 Rxh2+ 33. Kxh2 Qxa2+ 34. Kh3 Kd8 35. Qxe7+ Kc8 36. Rf8# 1-0

[Event "Sofia MGU op 181st"]
[Site "Sofia"]
[Date "2017.02.11"]
[Round "2"]
[White "Ilieva, Ralitsa"]
[Black "Kostov, Nikolai"]
[Result "1-0"]
[WhiteElo "1469"]
[BlackElo "1694"]
[PlyCount "77"]
[EventDate "2017.02.11"]
[EventType "swiss"]
[EventRounds "6"]
[EventCountry "BUL"]
[SourceTitle "CBM 176 Extra"]
[Source "ChessBase"]
[SourceDate "2017.03.02"]
[SourceVersion "1"]
[SourceVersionDate "2017.03.02"]
[SourceQuality "1"]

1. d4 Nf6 2. Nf3 e6 3. c4 d5 4. Nc3 Bb4 5. Bg5 h6 6. Bh4 Nbd7 7. e3 Bxc3+ 8. bxc3 c6 9. cxd5 cxd5 10. Bd3 Qa5 11. Qc2 b6 12. 0-0 Ba6 13. Rfc1 Bxd3 14. Qxd3 b5 15. Qc2 Rc8 16. a4 Ne4 17. axb5 Qb6 18. Qb3 Nd6 19. Rcb1 g5 20. Bg3 Ne4 21. Ra6 Qb7 22. Rc1 0-0 23. Be5 Nxe5 24. Nxe5 Nd2 25. Qa2 Qxb5 26. Rxa7 Nc4 27. Rb1 Qe8 28. Nd7 Kg7 29. Nxf8 Qxf8 30. Rbb7 Nd6 31. Rb3 Rb8 32. h3 Rxb3 33. Qxb3 Nc4 34. Qa4 Qd8 35. Qc6 Qf6 36. Ra8 Qe7 37. Qc8 e5 38. Qh8+ Kg6 39. Rg8+ 1-0

[Event "Tri Buki Children's CupT 2nd"]
[Site "Tri Buki"]
[Date "2017.02.06"]
[Round "5.3"]
[White "Ilieva, Ralitsa"]
[Black "Gadzhev, Denislav"]
[Result "1/2-1/2"]
[WhiteElo "1469"]
[BlackElo "1613"]
[PlyCount "74"]
[EventDate "2017.02.04"]
[EventType "team-swiss"]
[EventRounds "6"]
[EventCountry "BUL"]
[SourceTitle "CBM 176 Extra"]
[Source "ChessBase"]
[SourceDate "2017.03.02"]
[SourceVersion "1"]
[SourceVersionDate "2017.03.02"]
[SourceQuality "1"]
[WhiteTeam "An Passant II"]
[BlackTeam "An Passant"]
[WhiteTeamCountry "BUL"]
[BlackTeamCountry "BUL"]

1. d4 Nf6 2. Nf3 e6 3. c4 b6 4. Nc3 Bb4 5. Qc2 Bb7 6. Bg5 h6 7. Bh4 d6 8. e3 Nbd7 9. Bd3 Qe7 10. a3 Bxc3+ 11. Qxc3 c5 12. Be2 0-0 13. 0-0 Rfe8 14. b4 Rac8 15. Rfd1 Nf8 16. Rab1 Ng6 17. Bg3 Ne4 18. Qb3 Nxg3 19. hxg3 Rc7 20. Bd3 Nf8 21. dxc5 dxc5 22. Ne5 Rec8 23. Qc2 Nd7 24. Nxd7 Rxd7 25. Qa4 Rcd8 26. Be2 Be4 27. Rbc1 Rd2 28. Rxd2 Rxd2 29. Bf3 Bxf3 30. gxf3 Qb7 31. Rd1 Rxd1+ 32. Qxd1 cxb4 33. axb4 Qc6 34. Qd8+ Kh7 35. Qd3+ g6 36. f4 h5 37. b5 Qc7 1/2-1/2

[Event "Kyustendil The three beeches op A 2nd"]
[Site "Kyustendil"]
[Date "2016.07.08"]
[Round "4.11"]
[White "Ballar, Efe"]
[Black "Ilieva, Ralitsa"]
[Result "1/2-1/2"]
[WhiteElo "1257"]
[BlackElo "1359"]
[PlyCount "76"]
[EventDate "2016.07.07"]
[EventType "swiss"]
[EventRounds "7"]
[EventCountry "BUL"]
[SourceTitle "EXT 2024"]
[Source "ChessBase"]
[SourceDate "2023.10.10"]
[SourceVersion "1"]
[SourceVersionDate "2023.10.10"]
[SourceQuality "1"]

1. e4 e6 2. d4 d5 3. exd5 exd5 4. Bd3 Nf6 5. h3 Bd6 6. Ne2 0-0 7. 0-0 Nc6 8. c3 Re8 9. Bg5 h6 10. Bh4 Be6 11. Nd2 a6 12. Nf3 Na5 13. b3 b6 14. Re1 c5 15. Ne5 Be7 16. Qc2 Qc7 17. Rac1 Nc6 18. Nxc6 Qxc6 19. Nf4 Bd7 20. Bg3 a5 21. Re3 Bd6 22. Rce1 Rxe3 23. Rxe3 Re8 24. Ne2 Kf8 25. a4 Nh5 26. Bb5 Qc7 27. Bxd6+ Qxd6 28. Bxd7 Qxd7 29. Kf1 Rxe3 30. fxe3 Nf6 31. Ng3 Qe6 32. Kf2 Ne4+ 33. Nxe4 dxe4 34. dxc5 bxc5 35. Qd2 Qf6+ 36. Ke2 Qg5 37. g4 Ke7 38. c4 Qe5 1/2-1/2

[Event "Kyustendil The three beeches op A 2nd"]
[Site "Kyustendil"]
[Date "2016.07.08"]
[Round "2.10"]
[White "Cimen, Tuna"]
[Black "Ilieva, Ralitsa"]
[Result "1-0"]
[WhiteElo "1439"]
[BlackElo "1359"]
[PlyCount "35"]
[EventDate "2016.07.07"]
[EventType "swiss"]
[EventRounds "7"]
[EventCountry "BUL"]
[SourceTitle "EXT 2024"]
[Source "ChessBase"]
[SourceDate "2023.10.10"]
[SourceVersion "1"]
[SourceVersionDate "2023.10.10"]
[SourceQuality "1"]

1. d4 Nf6 2. Nf3 g6 3. c4 c5 4. Nc3 Bg7 5. e4 b6 6. e5 Ng4 7. h3 Nh6 8. dxc5 bxc5 9. Qd5 Nc6 10. Qxc5 Bb7 11. Bf4 0-0 12. Bd3 Rc8 13. Qe3 Nf5 14. Bxf5 gxf5 15. Bh6 Nb4 16. Qg5 Nd3+ 17. Kf1 Qb6 18. Qxg7# 1-0

[Event "Sofia MGU op 165th"]
[Site "Sofia"]
[Date "2016.03.13"]
[Round "4"]
[White "Georgiev, Nikolay"]
[Black "Ilieva, Ralitsa"]
[Result "0-1"]
[WhiteElo "1506"]
[BlackElo "1279"]
[PlyCount "58"]
[EventDate "2016.03.12"]
[EventType "swiss"]
[EventRounds "6"]
[EventCountry "BUL"]
[SourceTitle "CBM 171 Extra"]
[Source "ChessBase"]
[SourceDate "2016.04.26"]
[SourceVersion "1"]
[SourceVersionDate "2016.04.26"]
[SourceQuality "1"]

1. e4 e6 2. d4 d5 3. e5 c5 4. Nf3 Nc6 5. Bd3 f6 6. Qe2 Qb6 7. 0-0 cxd4 8. Nbd2 Bd7 9. a3 a5 10. Re1 Be7 11. Nf1 Rc8 12. Ng3 fxe5 13. Nxe5 Nxe5 14. Qxe5 Nf6 15. Nf5 Bf8 16. Nxd4 Bd6 17. Qf5 e5 18. Rxe5+ Bxe5 19. Qxe5+ Kf7 20. Bg5 Rhe8 21. Qf4 Qxb2 22. Rd1 Qxa3 23. Bxf6 gxf6 24. Bf5 Qb4 25. h3 Re1+ 26. Rxe1 Qxe1+ 27. Kh2 Bxf5 28. Nxf5 Rxc2 29. Qd6 Qe5+ 0-1

[Event "Sofia MGU op 163rd"]
[Site "Sofia"]
[Date "2016.02.28"]
[Round "4"]
[White "Kostov, Nikolai"]
[Black "Ilieva, Ralitsa"]
[Result "1/2-1/2"]
[WhiteElo "1756"]
[BlackElo "1309"]
[PlyCount "111"]
[EventDate "2016.02.27"]
[EventType "swiss"]
[EventRounds "6"]
[EventCountry "BUL"]
[SourceTitle "CBM 171 Extra"]
[Source "ChessBase"]
[SourceDate "2016.04.26"]
[SourceVersion "1"]
[SourceVersionDate "2016.04.26"]
[SourceQuality "1"]

1. d4 Nf6 2. Nf3 g6 3. c4 c5 4. Nc3 cxd4 5. Nxd4 Bg7 6. e4 d6 7. h3 Nc6 8. Be3 0-0 9. Be2 Nxd4 10. Bxd4 b6 11. f4 Bb7 12. Bf3 Rc8 13. 0-0 Rxc4 14. b3 Rc8 15. Rc1 Re8 16. Be3 Nd7 17. Ne2 Rxc1 18. Bxc1 Nc5 19. Ng3 Qc7 20. b4 Nd7 21. Qe2 Rc8 22. Bg4 e6 23. Be3 Qc4 24. Qd2 d5 25. exd5 Qxd5 26. Qe2 Bd4 27. Bf3 Ba6 28. Qxa6 Bxe3+ 29. Kh2 Qc4 30. Qxa7 Nf6 31. Be2 Qxb4 32. a3 Qd4 33. Qa6 Rd8 34. Rd1 Ng4+ 35. hxg4 Qf6 36. g5 Qe7 37. Rxd8+ Qxd8 38. Qd3 Qxd3 39. Bxd3 Bxf4 40. Kh3 Bxg5 41. Ne4 Be7 42. g4 Bxa3 43. g5 Bc1 44. Bb5 Kg7 45. Kg4 h6 46. gxh6+ Bxh6 47. Nd6 f5+ 48. Kf3 Kf6 49. Nc4 e5 50. Nxb6 e4+ 51. Kg2 e3 52. Nd5+ Ke5 53. Nc3 f4 54. Kf3 g5 55. Bd7 Bg7 56. Ne2 1/2-1/2

[Event "Sofia MGU op 163rd"]
[Site "Sofia"]
[Date "2016.02.28"]
[Round "5"]
[White "Sharkov, Venko"]
[Black "Ilieva, Ralitsa"]
[Result "1-0"]
[WhiteElo "1681"]
[BlackElo "1309"]
[PlyCount "63"]
[EventDate "2016.02.27"]
[EventType "swiss"]
[EventRounds "6"]
[EventCountry "BUL"]
[SourceTitle "CBM 171 Extra"]
[Source "ChessBase"]
[SourceDate "2016.04.26"]
[SourceVersion "1"]
[SourceVersionDate "2016.04.26"]
[SourceQuality "1"]

1. Nf3 Nf6 2. g3 g6 3. b4 Bg7 4. Bb2 b6 5. Bg2 Bb7 6. 0-0 0-0 7. c4 d6 8. Nc3 Nbd7 9. a4 c5 10. b5 e6 11. a5 d5 12. a6 Bc8 13. d4 cxd4 14. Nxd4 Ne5 15. cxd5 exd5 16. Qb3 Nc4 17. Rfd1 Be6 18. Rac1 Rc8 19. Nc6 Qd7 20. Nxd5 Bxd5 21. Bxd5 Nxb2 22. Qxb2 Nxd5 23. Qd2 Rfe8 24. Qxd5 Qxd5 25. Rxd5 Rc7 26. e3 Bf6 27. Rcd1 Rec8 28. Rd7 Kf8 29. Nxa7 Rxd7 30. Rxd7 Ra8 31. Nc6 Ke8 32. Rb7 1-0

[Event "Sofia MGU op 162nd"]
[Site "Sofia"]
[Date "2016.02.13"]
[Round "1"]
[White "Ilieva, Ralitsa"]
[Black "Ivanov, Oleg2"]
[Result "1/2-1/2"]
[WhiteElo "1309"]
[BlackElo "1693"]
[PlyCount "76"]
[EventDate "2016.02.13"]
[EventType "swiss"]
[EventRounds "6"]
[EventCountry "BUL"]
[SourceTitle "CBM 170 Extra"]
[Source "ChessBase"]
[SourceDate "2016.02.25"]
[SourceVersion "1"]
[SourceVersionDate "2016.02.25"]
[SourceQuality "1"]

1. d4 Nf6 2. Nf3 d5 3. c4 dxc4 4. e4 b5 5. e5 Nd5 6. a4 c6 7. Nc3 e6 8. axb5 Nxc3 9. bxc3 cxb5 10. g3 Bb7 11. Bg2 Be7 12. 0-0 0-0 13. Be3 Nd7 14. Qc2 f5 15. exf6 Bxf6 16. Ng5 Bxg5 17. Bxb7 Rb8 18. Qe4 Bxe3 19. fxe3 Qb6 20. Bc6 Rxf1+ 21. Rxf1 Nf8 22. Qf3 Qc7 23. Bxb5 Ng6 24. Bc6 Rf8 25. Qe4 Rxf1+ 26. Kxf1 Qf7+ 27. Qf3 Ne7 28. Qxf7+ Kxf7 29. Bb5 Nd5 30. Kf2 Nb6 31. Ke1 Kf6 32. h3 e5 33. Kd2 Ke6 34. Bc6 Nc8 35. Be4 Nd6 36. Bxh7 e4 37. Bg8+ Kd7 38. Bd5 Kc7 1/2-1/2

[Event "Tri Buki Children's CupT 1st"]
[Site "Tri Buki"]
[Date "2016.02.06"]
[Round "4.4"]
[White "Paraschiv, Petronela Alexandra"]
[Black "Ilieva, Ralitsa"]
[Result "1/2-1/2"]
[WhiteElo "1548"]
[BlackElo "1309"]
[PlyCount "89"]
[EventDate "2016.02.04"]
[EventType "team-swiss"]
[EventRounds "6"]
[EventCountry "BUL"]
[SourceTitle "CBM 170 Extra"]
[Source "ChessBase"]
[SourceDate "2016.02.25"]
[SourceVersion "1"]
[SourceVersionDate "2016.02.25"]
[SourceQuality "1"]

1. c4 e5 2. Nc3 g6 3. g3 Bg7 4. Bg2 d6 5. d3 f5 6. e4 c6 7. Nge2 Nf6 8. 0-0 0-0 9. h3 Be6 10. f4 Qd7 11. exf5 Bxf5 12. Kh2 h5 13. Be3 Qe6 14. Qd2 Kh7 15. Rae1 Nbd7 16. b3 Rae8 17. d4 Bh6 18. fxe5 Bxe3 19. Qxe3 dxe5 20. dxe5 Qxe5 21. Qd2 Qe3 22. Qd4 Qxd4 23. Nxd4 Bd3 24. Rg1 Ne5 25. Nf3 Nxf3+ 26. Bxf3 Bf5 27. Kg2 g5 28. Bd1 g4 29. h4 Rxe1 30. Rxe1 Re8 31. Rxe8 Nxe8 32. Ne2 Kg7 33. Nf4 Nf6 34. a3 Kf8 35. Kf1 Ke7 36. Ke2 Kd6 37. Ke3 Ke5 38. b4 b6 39. Be2 Bd7 40. Ng6+ Ke6 41. Bd3 Be8 42. Bc2 Bf7 43. Bd3 Be8 44. Bc2 Bf7 45. Bd3 1/2-1/2

[Event "Tri Buki Children's CupT 1st"]
[Site "Tri Buki"]
[Date "2016.02.04"]
[Round "1.4"]
[White "Chan, Dzhi"]
[Black "Ilieva, Ralitsa"]
[Result "1-0"]
[WhiteElo "1236"]
[BlackElo "1309"]
[PlyCount "55"]
[EventDate "2016.02.04"]
[EventType "team-swiss"]
[EventRounds "6"]
[EventCountry "BUL"]
[SourceTitle "CBM 170 Extra"]
[Source "ChessBase"]
[SourceDate "2016.02.25"]
[SourceVersion "1"]
[SourceVersionDate "2016.02.25"]
[SourceQuality "1"]

1. e4 e6 2. d4 d5 3. Nc3 Bb4 4. e5 c5 5. a3 Ba5 6. Nf3 Nc6 7. Bb5 Bd7 8. 0-0 Nge7 9. Be3 c4 10. Bg5 0-0 11. Qd2 Re8 12. Rad1 Rc8 13. h3 a6 14. Bxc6 Rxc6 15. Qe3 Rb6 16. Rb1 Qc7 17. Ne2 Rc6 18. c3 Ng6 19. Ng3 Qc8 20. Nh5 Bd8 21. Bh6 Ne7 22. Nxg7 Kh8 23. Nxe8 Bxe8 24. Bg5 Qd7 25. Bf6+ Kg8 26. Nh4 Ng6 27. Qh6 Bxf6 28. exf6 1-0

[Event "Sofia An Pasan op 10th"]
[Site "Sofia"]
[Date "2015.11.01"]
[Round "4"]
[White "Ilieva, Ralitsa"]
[Black "Mustendzheb, Anher"]
[Result "0-1"]
[WhiteElo "1238"]
[BlackElo "1630"]
[PlyCount "70"]
[EventDate "2015.10.31"]
[EventType "swiss"]
[EventRounds "6"]
[EventCountry "BUL"]
[SourceTitle "CBM 169 Extra"]
[Source "ChessBase"]
[SourceDate "2015.12.18"]
[SourceVersion "1"]
[SourceVersionDate "2015.12.18"]
[SourceQuality "1"]

1. d4 g6 2. Nf3 Bg7 3. Bf4 d6 4. e4 Nd7 5. Bc4 e5 6. dxe5 dxe5 7. Bg3 Qe7 8. Nc3 c6 9. 0-0 Ngf6 10. Qe2 0-0 11. Rad1 Nh5 12. Bh4 Qc5 13. Bb3 Nb6 14. a3 Bg4 15. h3 Nf4 16. Qe3 Qxe3 17. fxe3 Bxf3 18. Rxf3 Ne6 19. Rd6 Rfe8 20. Na4 Nxa4 21. Bxa4 g5 22. Bg3 Nc5 23. Bb3 Nxb3 24. cxb3 Rad8 25. Rxd8 Rxd8 26. Rf5 f6 27. Rf1 Rd3 28. Bf2 Rxb3 29. Rb1 Bf8 30. a4 Ba3 31. Rd1 Rxb2 32. Rd8+ Kg7 33. Rd7+ Kg6 34. Rc7 Bc5 35. Rc8 Rb3 0-1

[Event "Kyustendil U10 op"]
[Site "Kyustendil"]
[Date "2015.07.10"]
[Round "3"]
[White "Ilieva, Ralitsa"]
[Black "Ivanov, Zahari"]
[Result "1/2-1/2"]
[WhiteElo "1231"]
[BlackElo "1523"]
[PlyCount "126"]
[EventDate "2015.07.09"]
[EventType "swiss"]
[EventRounds "7"]
[EventCountry "BUL"]
[SourceTitle "EXT 2016"]
[Source "ChessBase"]
[SourceDate "2015.10.08"]
[SourceVersion "1"]
[SourceVersionDate "2015.10.08"]
[SourceQuality "1"]

1. d4 Nf6 2. Nf3 d5 3. c4 e6 4. Nc3 Be7 5. Bf4 a6 6. e3 0-0 7. cxd5 exd5 8. Bd3 Nbd7 9. 0-0 b6 10. Re1 Bb7 11. Rc1 Re8 12. Qc2 Rc8 13. e4 dxe4 14. Nxe4 Nxe4 15. Bxe4 Bxe4 16. Rxe4 Nf6 17. Ree1 c5 18. dxc5 Rxc5 19. Qb3 Rxc1 20. Rxc1 Bc5 21. Rd1 Qe7 22. h3 Qe2 23. Bg3 Ne4 24. Re1 Bxf2+ 25. Bxf2 Qxf2+ 26. Kh2 Qg3+ 27. Kg1 Re6 28. Qd5 Qf2+ 29. Kh2 Qc5 30. Qa8+ Qf8 31. Qxa6 Qd6+ 32. Kg1 Qc5+ 33. Kh2 Qd6+ 34. Kg1 Nc5 35. Qc8+ Qf8 36. Qxf8+ Kxf8 37. Rf1 h6 38. Nd4 Rd6 39. Nf5 Rd2 40. Rf2 Rxf2 41. Kxf2 Nd3+ 42. Ke3 Nxb2 43. Kd4 f6 44. Kd5 Na4 45. Kc4 Kf7 46. Kb4 Nc5 47. Kb5 Nd7 48. Kc6 Nc5 49. Kxb6 Na4+ 50. Ka5 Nc3 51. a4 h5 52. Kb4 Nd5+ 53. Kc5 Nc7 54. Kd6 Na6 55. a5 g6 56. Ne7 g5 57. Nd5 Kg6 58. Nc7 Nb4 59. a6 Nxa6 60. Nxa6 g4 61. hxg4 hxg4 62. Ke6 Kg5 63. Nc5 Kf4 1/2-1/2